Hand book of collection essays (Record no. 7624)

MARC details
000 -LEADER
fixed length control field 00481cam a2200205ua 4500
001 - CONTROL NUMBER
control field 8529
005 - DATE AND TIME OF LATEST TRANSACTION
control field 20260515114338.0
008 - FIXED-LENGTH DATA ELEMENTS--GENERAL INFORMATION
fixed length control field 150205n ii |||gr||||Z||||||eng
020 ## - INTERNATIONAL STANDARD BOOK NUMBER
International Standard Book Number 9789380507316
040 ## - CATALOGING SOURCE
Transcribing agency MAIN
041 ## - LANGUAGE CODE
Language code of text/sound track or separate title eng
082 ## - DEWEY DECIMAL CLASSIFICATION NUMBER
Classification number 824
100 ## - MAIN ENTRY--PERSONAL NAME
Personal name Sharma, B. R.,
Relator term Author.
245 1# - TITLE STATEMENT
Title Hand book of collection essays
Statement of responsibility, etc. By B. R. Sharma
250 ## - EDITION STATEMENT
Edition statement 1st.
260 ## - PUBLICATION, DISTRIBUTION, ETC.
Place of publication, distribution, etc. New Delhi:
Name of publisher, distributor, etc. Ajanta,
Date of publication, distribution, etc. 2012.
300 ## - PHYSICAL DESCRIPTION
Extent 342p.
653 ## - INDEX TERM--UNCONTROLLED
Uncontrolled term English essays
942 ## - ADDED ENTRY ELEMENTS (KOHA)
Koha item type Books
Holdings
Withdrawn status Lost status Damaged status Not for loan Home library Current library Shelving location Date acquired Total checkouts Full call number Barcode Date last seen Copy number Price effective from Koha item type
        Naharkatiya College Library Naharkatiya College Library General stacks 09/19/2020   824 | SHA 21793 09/19/2020 1 09/19/2020 Books